000 00705nam a2200289Ia 4500
005 20260324141032.0
008 008 260324s9999 xx 000 0 eng d
020 _a9781315026237
037 _aEBOOK
040 _aCRL
040 _beng
040 _cCRL
041 _2eng
041 _aeng
084 _qCRL
100 _aJ. T. P. de Bruijn
_91206673
245 0 _aPersian Sufi Poetry
245 3 _bAn Introduction to the Mystical Use of Classical Persian Poems
260 _bTaylor and Francis
260 _c1997
365 _a
365 _b290
856 _uhttp://www.taylorfrancis.com/books/9781315026237
942 _cEBOOK
999 _c1809344
_d1809344